Obras completas de Alejo Carpentier /

Salvato in:
Dettagli Bibliografici
Autore principale: Carpentier, Alejo, 1904-1980
Natura: Sconosciuto
Lingua:Spanish
Pubblicazione: México : Siglo Veintiuno, 1987.
Soggetti:
Tags: Aggiungi Tag
Nessun Tag, puoi essere il primo ad aggiungerne!!

MARC

LEADER 000000000a22000000004500
001 011362
020 |a 9682311225 (v.3) 
041 0 |a spa 
082 0 4 |a Cu863.4   |b C297o 
100 1 |a Carpentier, Alejo,   |d 1904-1980 
245 1 0 |a Obras completas de Alejo Carpentier /   |c Alejo Carpentier. 
260 1 |a México :   |b Siglo Veintiuno,   |c 1987. 
505 |a Contenido: Ese músico que llevo dentro, la música en Cuba (volumen 12) 
500 |a Colección George Yúdice 
650 4 |a LITERATURA CUBANA 
650 4 |a NOVELA 
999 |c 16656  |d 16656 
942 |c BK  |h Cu863.4 C297o  |2 z